Pays les plus proches de Sao Tomé-et-Principe - Mort subite - Statistiques

Statistiques générales
  • Ce quiz a été pris 35 fois
  • Le résultat moyen est 5 sur 15
Answers on the Grid
Answers color-coded by a green-red scale on the quiz's grid according to % correct below.
Guinée équatoriale
Gabon
Cameroun
Nigeria
République du Congo
Bénin
Togo
Angola
Ghana
République démocratique du Congo
Côte d'Ivoire
République centrafricaine
Burkina Faso
Tchad
Niger
Libéria
Guinée
Mali
Mauritanie
Soudan
Sud Soudan
Ouganda
Rwanda
Burundi
Zambie
Tanzanie
Botswana
Zimbabwe
Afrique du Sud
Namibie
 
Statistiques - réponses
Réponse % Correct
Cameroun
55%
Côte d'Ivoire
55%
Togo
55%
Bénin
50%
Gabon
45%
Guinée équatoriale
45%
Burkina Faso
35%
Nigeria
35%
République démocratique du Congo
35%
République du Congo
35%
Ghana
30%
Angola
20%
Niger
20%
République centrafricaine
20%
Tchad
5%
Aucun quiz correspondant
Distribution des résultats
% des personnes avec chaque résultat
Percentile par nombre de réponses
Votre historique - résultats
Vous n’avez pas pris ce quiz